000
00304nam a22001457a 4500
003
OSt
020
_a
NA
040
_c
0
082
_2
22
_a
658.4038
100
_a
Goyal, D. P.
245
_a
Management information system /
260
_b
Macmillan,
_c
c2000.
300
_a
426p. ;
_b
ill. ;
942
_2
ddc
_c
MAG
999
_c
5353
_d
5353